| 000 | 00000nam##2200000za#4500 |
| 001 | 9.670575 |
| 003 | CaOODSP |
| 005 | 20210615125601 |
| 007 | ta |
| 008 | 150407|2008||||xxc||||| f|0| 0 eng|d |
| 040 | |aCaOODSP|beng |
| 041 | |aeng |
| 041 | |afre |
| 043 | |an-cn--- |
| 086 | 1 |aH34-177/2008 |
| 110 | 1 |aCanada. |bHealth Canada. |bFirst Nations and Inuit Health Branch. |
| 245 | 10|aEnvironmental public health in First Nations Communities : |ba career that makes a difference! |
| 260 | |aOttawa - Ontario : |bHealth Canada. |cc2008. |
| 300 | |a1 folded sheet ([4]p.) : |bphotographs ; |c22 cm. |
| 500 | |aIncorrect catalogue numbers (H34-177/2008E and H34-177/2008F) and ISBNs (978-0-46331-3 and 978-0-46331-3) printed on this publication. |
| 563 | |aPamphlet |
| 590 | |a08-41|b2008-10-10 |
| 690 | 07|aOccupations|2gcpds |
| 776 | 0#|tSanté environnementale et publique dans des communautés des Premières nations : |w(CaOODSP)9.639094 |
| 776 | 0#|tEnvironmental public health in First Nations Communities : |w(CaOODSP)9.694927 |
| 792 | |tSanté environnementale et publique dans des communautés des Premières nations : |efre|w(CaOODSP)9.670576 |